General RISK knowledge - Statistics

General Stats
  • This quiz has been taken 12 times
  • The average score is 16 of 29
Answer Stats
Hints! Answers! % Correct
Continent in game: Asia
100%
Color Blue
100%
Continent in game: Europe
100%
Color Green
100%
Continent in game: North America
100%
Color Yellow
100%
Color Red
89%
Continent in game: South America
89%
Continent in game: Africa
78%
Continent in game: Africa
78%
Color Black
78%
Bonus South America gives you 2
67%
Bonus Australia gives you 2
67%
Bonus Africa gives you 3
67%
Bonus North America gives you 5
67%
Bonus Europe gives you 5
67%
Bonus Asia gives you 7
67%
Continent in game: Australia (Oceania)
67%
Color Grey
56%
Army Size representation: cannon 10 armies
11%
The Average time span it takes to complete a game 1-8 hours!
11%
Game Release Date: 1957
11%
Army Size representation: Soldier 1 army
11%
Number of Players 2-6
11%
Setup Time 5-15 minutes
11%
How many RISK cards in a box? 56
11%
Army Size representation: Horseman 5 armies
11%
Developer company: Parker Brothers
11%
Creator: Albert Lamorisse
0%
No matching quizzes found
Score Distribution
Percent of People with Each Score
Percentile by Number Answered
Your Score History
You have not taken this quiz